LEADER 01531nam0 22003493i 450 001 VAN00282813 005 20251113101213.369 017 70$2N$a9789811039751 100 $a20241112d2017 |0itac50 ba 101 $aeng 102 $aSG 105 $a|||| ||||| 181 $ai$b e 182 $ab 183 $acr 200 1 $aAvian Reproduction$eFrom Behavior to Molecules$fTomohiro Sasanami editor 210 $aSingapore$cSpringer$d2017 215 $aVII, 214 p.$cill.$d24 cm 410 1$1001VAN00064096$12001 $aAdvances in Experimental Medicine and Biology$1210 $aNew York$cPlenum$d2003-$v1001 620 $aSG$dSingapore$3VANL000061 676 $a571.8$cBiologia dello sviluppo. Riproduzione, sviluppo e accrescimento$v22 676 $a571.1$cFisiologia animale$v22 702 1$aSasanami$bTomohiro$3VANV235808 712 $aSpringer $3VANV108073$4650 801 $aIT$bSOL$c20251114$gRICA 856 4 $uhttps://link.springer.com/openurl?genre=book&isbn=978-981-10-3975-1$zE-book - Accesso al full-text attraverso riconoscimento IP di Ateneo, proxy e/o Shibboleth 899 $aBIBLIOTECA DEL DIPARTIMENTO DI SCIENZE E TECNOLOGIE AMBIENTALI BIOLOGICHE E FARMACEUTICHE$1IT-CE0101$2VAN17 912 $fN 912 $aVAN00282813 950 $aBIBLIOTECA DEL DIPARTIMENTO DI SCIENZE E TECNOLOGIE AMBIENTALI BIOLOGICHE E FARMACEUTICHE$d17CONS e-book 178 $e17BIB178/48 48 20241112 996 $aAvian Reproduction$92084599 997 $aUNICAMPANIA